header

Local commons and democratic environmental governance (Record no. 115966)

MARC details
000 -LEADER
fixed length control field 01812nam a2200397 a 4500
082 04 - DEWEY DECIMAL CLASSIFICATION NUMBER
Classification number 333.73
245 00 - TITLE STATEMENT
Title Local commons and democratic environmental governance
260 ## - PUBLICATION, DISTRIBUTION, ETC. (IMPRINT)
Place of publication Tokyo, Japan :
Name of publisher United Nations University Press,
Year of publication 2013.
300 ## - PHYSICAL DESCRIPTION
Number of Pages xxvi, 412 p. :
Other physical details ill.
505 0# - FORMATTED CONTENTS NOTE
Formatted contents note pt. I. Theoretical studies of the commons -- pt. II. Institution of the commons -- pt. III. Local commons and survival strategies under globalization -- pt. IV. Collaboration, democracy and multilevel environmental governance.
650 #0 - SUBJECT ADDED ENTRY--TOPICAL TERM
Topical Term Natural resources, Communal
Topical Term Commons
Topical Term Environmental policy
Topical Term Natural resources, Communal
Topical Term Commons
Topical Term Environmental policy
700 1# - ADDED ENTRY--PERSONAL NAME
Personal name Murota, Takeshi,
Personal name Takeshita, Ken,
856 40 - ELECTRONIC LOCATION AND ACCESS
Uniform Resource Identifier http://site.ebrary.com/lib/rucke/Doc?id=10752399

No items available.

© 2026 Rongo University
Contact us: librarian | system librarian | Rongo university